Statistics for Most valuable football players

Click here to take the quiz!

General Stats

  • This quiz has been taken 21 times
    (3 since last reset)
  • The average score is 13 of 27

Answer Stats

HintAnswer% Correct
€110.00mBukayo Saka
100%
€170.00mErling Haaland
100%
€180.00mKylian Mbappe
100%
€100.00mPedri
100%
€120.00mVinicius Junior
100%
€90.00mAurelien Tchouameni
67%
€80.00mDeclan Rice
67%
€100.00mFederico Vakverde
67%
€90.00mGavi
67%
€90.00mHarry Kane
67%
€110.00mJamal Musiala
67%
€120.00mJude Bellingham
67%
€80.00mMarcus Rashford
67%
€80.00mMartin Odegaard
67%
€80.00mRodrygo
67%
€80.00mBernardo Silva
33%
€80.00mJoshua Kimmich
33%
€80.00mKevin De Bruyne
33%
€110.00mPhil Foden
33%
€100.00mVictor Osimhen
33%
€80.00mChristopher Nkunku
0%
€85.00mEnzo Fernandez
0%
€85.00mFlorian Wirtz
0%
€85.00mKhvicha Kvaratskhelia
0%
€80.00mLautaro Martinez
0%
€80.00mRafael Leao
0%
€80.00mRodri
0%

Score Distribution

Percentile by Number Answered

Percent of People with Each Score

Your Score History

You have not taken this quiz since the last reset